Kinh tế vi mô: Giáo trình dùng trong các trường đại học, cao đẳng khối kinh tế

Guardat en:
Dades bibliogràfiques
Autor principal: Bộ giáo dục và đào tạo
Format: Llibre
Idioma:Undetermined
Publicat: Hà Nội Giáo Dục
Matèries:
Etiquetes: Afegir etiqueta
Sense etiquetes, Sigues el primer a etiquetar aquest registre!
Thư viện lưu trữ: Trung tâm Học liệu Trường Đại học Cần Thơ
LEADER 00600nam a2200181Ia 4500
001 CTU_59373
008 210402s9999 xx 000 0 und d
020 |b 16600 
082 |a 338.5 
082 |b K312 
100 |a Bộ giáo dục và đào tạo 
245 0 |a Kinh tế vi mô: Giáo trình dùng trong các trường đại học, cao đẳng khối kinh tế 
245 0 |c Bộ giáo dục và đào tạo 
260 |a Hà Nội 
260 |b Giáo Dục 
650 |a Microeconomics 
904 |i Minh 
980 |a Trung tâm Học liệu Trường Đại học Cần Thơ